000 00924nam a2200277 u 4500
005 20240806063957.0
008 100225m20022008mx r 000 0 spa d
020 _a9580467552
035 _aUPN01000174931
049 _aCG
050 4 _aPQ7499 M6.2
_bO2a 2002
100 1 _aMonterroso, Augusto,
_d1921-2003
245 1 0 _aObras completas (y otros cuentos) /
_cAugusto Monterroso.
250 _a2a ed.
260 _aMéxico :
_bNorma,
_c2002 (2008 impr.).
300 _a94 p.
440 0 _aCara y cruz
586 _aPremio "Juan Rulfo" 1996
586 _aPremio "Principe de Asturias de las Letras" 2000
501 _aCon: A propósito de Augusto Monterroso y su obra / comp. Italo Calvino
650 4 _aLiteratura guatemalteca
_913502
600 1 4 _aMONTERROSO, AUGUSTO,
_d1921-2003
700 1 _aCalvino, Italo,
_d1923-1985
_ecomp.
740 0 _aA propósito de Augusto Monterroso y su obra
905 _aLibro
999 _c147035
_d147035